000 01805cam a2200373 i 4500
001 22830
003 Mx-PuUPA
005 20240410103733.0
008 140415s1981 sp r 000 0 spa d
020 _a9686640150 (obra completa)
020 _a9686640142 (v.1)
020 _a9686640266 (v.3)
020 _a9686640247 (v.4)
020 _a9686640304 (v.8)
040 _erda
_aMx-PuUPA
_bspa
_cMx-PuUPA
_dMx-PuUPA
041 0 _aspa
100 1 _aCopleston, Frederick C.,
_q(Frederick Charles),
_d1907-1994
_eautor
_93566
240 1 0 _aA history of philosophy.
_lEspañol
245 1 0 _aHistoria de la filosofía /
_cFrederick Copleston
264 1 _aBarcelona :
_bAriel,
_c[1981-1982]
300 _a4 volúmenes (paginación varía) ;
_c23 cm.
336 _atexto
_2rdacontent
_btxt
337 _asin medio
_2rdamedia
_bn
338 _avolumen
_2rdacarrier
_bnc
490 0 _aColección Convivium ;
_v9
500 _aDirección de la edición castellana: Manuel Sacristán
500 _aColección no completa en Biblioteca.
505 8 _gv.1.
_tGrecia y Roma / traducción de Juan Manuel García de la Mora. -
_gv.2.
_tDe San Agustín a Escoto / traducción de Juan Carlos García Borrón. -
_gv.3.
_tDe Ockham a Suarez / traducción de Juan Carlos García Borrón. -
_gv.4.
_tDe Descartes a Leibniz / traducción de Juan Carlos García Borrón. edición 1982. -
_gv.5.
_tDe Hobbes a Hume / traducción de Ana Doménech. -
_gv.8.
_t De Bentham a Russell / traducción de Victoria Camps. -
_gv.9.
_tDe Maine de Biran a Sartre / José Manuel García de la Mora.
650 7 _aFilosofía
_xHistoria
_2armarc
765 0 8 _aCopleston, Frederick C., (Frederick Charles), 1907-1994.
_tA history of philosophy.
942 _2ddc
_cLI
_h109
_iC78
999 _c22830
_d22830